000 00958nam a2200313 4500
003 OSt
005 20260530113856.0
008 260507b1963 ||| |||| |||| 00| 0 spa d
040 _aICI
_bspa
_cICI
050 _aN72.S6
_bS58
100 1 _aKepes, Gyorgy
_931744
245 1 0 _aLa Situación Actual de las Artes Visuales
264 1 _bEdiciones 3 Buenos Aires
_c1963
_aArgentina
300 _a124 páginas
336 _atexto
_2rdacontent
337 _asin medio
_2rdamedia
338 _avolumen
_2rdacarrier
650 _aArtes visuales
_91544
650 _aArte moderno
_ySiglo XX
_91863
650 _aEstética moderna
_931745
650 _aArte y sociedad
_91426
650 _aArquitectura moderna
_914272
650 _aComunicación visual
_931746
700 _aMead, Margaret
_eAutor
_922692
700 _aCorbusier, Le
_eAutor
_931747
700 _aGiedion, Sigfried
_eAutor
_931748
700 _aDeutsch, Felix
_eAutor
_931749
942 _2lcc
_cBK
_n1
999 _c11626
_d11626